[Event "Monaco m"]
[Site "Monte Carlo"]
[Date "1997.09.12"]
[Round "3"]
[White "Piket, Jeroen"]
[Black "Van Wely, Loek"]
[Result "1/2-1/2"]
[WhiteElo "2630"]
[BlackElo "2655"]
[Annotator "Ribli,Z"]
[PlyCount "67"]
[EventDate "1997.09.10"]
[EventType "match"]
[EventRounds "8"]
[EventCountry "MNC"]
[SourceTitle "CBM 061"]
[Source "ChessBase"]
[SourceDate "1997.11.23"]
[SourceVersion "1"]
[SourceVersionDate "1997.11.23"]
[SourceQuality "1"]

1. d4 Nf6 2. Nf3 d5 3. c4 e6 4. g3 dxc4 5. Bg2 c5 6. O-O Nc6 7. Ne5 Bd7 8. Na3
{Das ist die kritische Variante für Schwarz. Das erste Mal wurde dieser Zug
1985 von Kasparov gegen Andersson gespielt.Ribli.} cxd4 9. Naxc4 Be7 (9... Nxe5
10. Nxe5 Qb6 11. Nxd7 Nxd7 12. Qa4 O-O-O (12... Qb4 $1) 13. Rd1 Be7 14. Rxd4
Bc5 15. Rc4 Kb8 16. Kf1 {Topalov,V-Morozevich,A/Madrid 1996/CBM 53/[Ernst]/1-0
(70)}) (9... Bc5 10. Qb3 O-O 11. Bf4 Qc8 12. Rac1 Nd5 13. Nd3 Nxf4 14. gxf4 Be7
15. Nce5 Qc7 16. Rc4 Rfc8 17. Rfc1 Rab8 18. Nxd7 Qxd7 19. Bxc6 bxc6 20. Rxc6 $1
{1-0 Piket,J-van der Sterren,P/Nederland (ch) 1994 (43)}) 10. Qb3 Qc8 11. Bf4
$1 {Weiß hat gutes Figurenspiel und positionellen Druck für den Bauern.} (11.
Bg5 O-O 12. Rac1 Nd5 13. Bxe7 Ndxe7 14. Nd6 Qc7 15. Nxd7 Qxd7 16. Nxb7 Rab8 17.
Nc5 Qd6 18. Qc2 Rfc8 19. Qd2 f5 20. Rfd1 e5 {1/2-1/2 Bergstrom,C-Ornstein,A/
SVE-ch Stockholm 1987 (45)}) 11... O-O (11... Nd5 12. Nxd7 Qxd7 13. Ne5 Nxe5
14. Bxe5 {[%csl Gg2][%cal Gg2a8]} Bf6 15. Bxf6 Nxf6 16. Qb4 Rd8 17. Rfd1 Qd6
18. Qxb7 O-O 19. Qxa7 e5 20. Rac1 {1-0 Mochalov,E-Pokorny,T/Komercni Banka op
1996/EXP 55 (34)}) 12. Rac1 {[%cal Gc1c8]} (12. Rfd1 Nd5 13. Nxd7 Qxd7 14. Ne5
Nxe5 15. Bxe5 Bf6 16. Bxd4 Bxd4 17. Rxd4 Qe7 18. Bxd5 exd5 19. e3 {Adrian,
C-Wians,C/Mondorf op 1991/EXT 91op/1-0 (63)}) 12... Nd5 {Das ist ein typischer
Zug: Schwarz möchte die Wirkung des Bg2 eindämmen.} (12... Rd8 13. Rfd1 $44 (
13. Nxc6 Bxc6 14. Ne5 $44)) 13. Rfd1 Nxf4 (13... Rd8 14. Nxc6 Bxc6 15. Be5 {
[%csl Rd4] Und Weiß gewinnt den Bauern zurück.}) 14. gxf4 $11 {Schwarz verfügt
über das Läuferpaar, Weiß übt hingegen positionellen Druck aus. Der schwarze
Pd4 ist ähnlich schwach wie der weiße Pf4.} Rb8 $5 (14... Rd8 15. Nxc6 Bxc6 16.
Ne5 {[%csl Rc6][%cal Gc1c8]}) 15. Be4 {Weiß bereitet 16.Qf3 vor, weil die Dame
unglücklich auf der b-Linie postiert ist.} Qc7 (15... Nxe5 16. Nxe5 Qe8 (16...
Qd8 $2 17. Rxd4 $18) 17. Qd3) 16. Qf3 Bf6 17. e3 $5 g6 (17... Nxe5 18. Nxe5 Bc6
$11 (18... Qd6 $2 19. Rxd4 $18)) (17... Bxe5 18. Nxe5 Nxe5 $2 19. Qh3 $18 {
[%csl Rc7,Rh7]}) (17... Bxe5 18. Nxe5 Nxe5 19. Bxh7+ Kxh7 20. Qh5+ $18) 18.
exd4 {Jetzt hat Weiß das materielle Gleichgewicht wiederhergestellt, aber
seine Bauern sind schwach. Trotzdem verfügt Weiß über gutes Figurenspiel und
einen wichtigen Stützpunkt auf e5.} Rfd8 {Es ist nicht so leicht für Schwarz,
die Feßlung in der c-Linie aufzulösen und einen guten Platz für die Dame zu
finden.} 19. Ne3 {[%csl Rc6]} Be8 20. Nxc6 bxc6 21. Bxc6 Qa5 {Jetzt hat
Schwarz einen Bauern weniger, aber die weißen Bauern -besonders auf a2,b2,und
d4 - sind schwach.} 22. Bxe8 (22. Ng4 Bg7 $44 (22... Bxd4 $2 23. Bxe8 $18))
22... Rxe8 23. a3 Red8 {[%csl Rd4]} (23... Rxb2 $2 24. Nc4 $16) 24. Qe4 (24. d5
exd5 25. Nxd5 (25. Rxd5 Rxd5 26. Qxd5 Qxd5 27. Nxd5 Bxb2 $11) 25... Bxb2 26.
Ne7+ Kg7 27. Nc6 Qc7 28. Rxd8 Rxd8) 24... Rb3 $44 {[%csl Gb3]} (24... Rxb2 25.
Nc4 $16) 25. d5 {Diese Fortsetzung führt zu Vereinfachungen und bringt Weiß
nichts ein. Ich kann aber auch nicht sehen, wie er seine Stellung verbessern
können sollte.} (25. Nc4 Qh5 $44 {[%csl Gb3,Rd4,Rg1,Gh5]}) 25... exd5 26. Nxd5
(26. Rxd5 Rxd5 27. Qxd5 Qxd5 28. Nxd5 Bxb2 29. Rb1 $11) 26... Bxb2 $11 27. Rc7
{[%csl Gc7][%cal Gc7h7]} Qxc7 $5 28. Nxc7 Rxd1+ 29. Kg2 {Schwarz hat zwei
Türme für die Dame. Das Zusammenspiel der weißen Figuren -Q + N- hält jedoch
die Stellung ausgeglichen.} Rb8 30. Qa4 {[%csl Ra7][%cal Ra4a7,Ra4d1]} Rbd8 31.
Nb5 {Weiß verhindert das eventuelle Bd4 und gewinnt den Pa7. Mehr als Remis
ist aber auch für ihn nicht mehr möglich, weil sein Königsflügel zu sehr
geschwächt ist.} (31. Qxa7 $11) 31... R1d7 (31... R1d2 $2 32. Qxa7) (31... R8d7
32. Nxa7) 32. Nxa7 Bxa3 33. Nc6 (33. Qxa3 $2 Ra8 $15 {Und mit zwei Türmen
gegen die Dame hat Schwarz die besseren Aussichten im Endspiel.}) 33... Bf8 34.
Nxd8 {Und hier einigte man sich auf Remis. Nach 34...Rxd8 ist die weiße Dame
nur theoretisch besser als R + B. In unserer konkreten Stellung kann Weiß
nicht gewinnen.} 1/2-1/2

[Event "EU-chT (Men) 11th"]
[Site "Pula"]
[Date "1997.05.??"]
[Round "3.1"]
[White "Beliavsky, Alexander G"]
[Black "Akopian, Vladimir Eduardovic"]
[Result "0-1"]
[WhiteElo "2665"]
[BlackElo "2655"]
[Annotator "Ribli,Z"]
[PlyCount "132"]
[EventDate "1997.05.05"]
[EventType "team-swiss"]
[EventRounds "9"]
[EventCountry "CRO"]
[SourceTitle "CBM 057 Extra"]
[Source "ChessBase"]
[SourceDate "1997.05.01"]
[SourceVersion "1"]
[SourceVersionDate "1997.05.01"]
[SourceQuality "1"]
[WhiteTeam "Slovenia"]
[BlackTeam "Armenia"]
[WhiteTeamCountry "SLO"]
[BlackTeamCountry "ARM"]

1. d4 Nf6 2. c4 e6 3. g3 d5 4. Bg2 dxc4 5. Nf3 a6 6. O-O Nc6 {Das ist eine
sehr interessante Zugfolge. Nach 5...Nc6 wäre 6.Qa4 unangenehm - aber
natürlich ist das eine andere theoretische Variante. Jetzt befindet sich Weiß
in einer Variante, wo er mit einem Bauern minus spielen muß - aber es ist wahr,
er hat Kompensation. Ribli.} 7. e3 Bd7 {Schwarz entwickelt zuerst seine
Damenflügel, um seinen sein Plusbauern zu verteidigen. Ribli.} 8. Qe2 (8. Nc3
Rb8 9. Ne5 Na5 $1 (9... Nxe5 10. dxe5 Ng8 11. Qe2 b5 12. Rd1 Ne7 13. a4 Qc8 14.
axb5 axb5 15. f4 b4 16. Ne4 Bb5 17. Ra5 Nd5 18. b3 Bc6 19. bxc4 Ne7 20. Nf6+ {
1-0 Hausrath,D-Bairachny,R/WchJM-U18 Bratislava 1993 (27)}) 10. Qe2 b5 11. Rd1
Bd6 $5 12. e4 (12. f4 $5 $44) 12... b4 $1 {0-1 Tratar,M-Sveshnikov,E/Ljubljana
1994 (32)}) 8... b5 9. Rd1 (9. e4 Be7 10. Rd1 O-O 11. Nc3 Re8 12. Ne5 h6 13. a4
Rb8 14. axb5 axb5 {1/2-1/2 Krasenkow,M-Panchenko,A/Belgorod 1990}) (9. Ne5 Nd5
10. Nxd7 Qxd7 11. Rd1 Rd8 12. b3 c3 13. Bxd5 exd5 14. Nxc3 {+/= Toshkov,
T-Spassov,L/Albena 1985}) 9... Be7 (9... Bd6 {Das ist eine interessante Idee.
Schwarz provoziert den Zug e3-e4, und danach ist die Diagonale g2-a8
geschlossen. Ribli.} 10. Nc3 (10. e4 Be7 (10... e5 11. dxe5 Bxe5 12. Nc3 O-O
13. Bg5 Bxc3 14. bxc3 Qe8 (14... Qe7 15. e5 Qe6 16. Qd2 Ne4 17. Qxd7 Nxc3 18.
Bh3 Qg6 19. Re1 Ne4 20. Bh4 {1-0 Kaidanov,G-Vladimirov,E/Palma de Mallorca GMA
1989 (32)}) 15. Bxf6 gxf6 16. Nh4 Ne5 17. Qh5 Nd3 18. f4 Qe7 {Titlianov,
Y-Bashkov,V/URS-chClub Pavlodar 1991/0-1 (53)}) 11. Nc3 O-O 12. Bf4 Qc8 13. Rd2
Rd8 14. Rad1 Nb4 15. Ne5 Be8 {1/2-1/2 Levin,F-Novikov,I/UKR-ch Kiev 1986 (30)})
10... O-O 11. e4 e5 (11... Be7 {Es scheint, daß Schwarz ein Tempo verloren hat,
aber jetzt die Diagonale h1-a8 ist geschlossen. Ribli.}) (11... Be7 12. Bg5 h6
13. Bxf6 Bxf6 14. e5 Be7 15. d5 exd5 16. Nxd5 Re8 17. Nd4 Nxd4 18. Rxd4 Bc5 {
0-1 Kruppa,Y-Ivanchuk,V/USSR 1985 (30)}) 12. dxe5 Nxe5 13. Nxe5 Bxe5 14. Bg5 c6
15. Bxf6 gxf6 16. Bh3 $2 (16. f4 Bxc3 17. bxc3 Qe7 $10) 16... Bxh3 $1 17. Rxd8
Raxd8 18. f4 Bd4+ 19. Kh1 Bc8 $1 $17 {Sterud-Neistadt,Y/corr 1989}) 10. Nc3 (
10. Ne5 Nxe5 11. dxe5 Nd5 12. Bxd5 exd5 13. Rxd5 Qc8 $15 {[%csl Rf3,Rg4,Rh3]
[%cal Yc8b7,Yb7h1] Schwarz gab den Bauern zurück, aber er besitzt das
Läuferpaar, und ohne den "katalanische"Läufer ist die weiße Königsstellung
geschwächt. Ribli.}) (10. e4 O-O 11. Nc3 Re8 12. Ne5 Rb8 13. Be3 Bf8 14. Rac1
h6 15. Rd2 Na5 {1/2-1/2 Urban,K-Dautov,R/EU-chTM 1997 (25)}) 10... Nd5 (10...
O-O 11. Ne5 $44) (10... Rb8 11. Ne5 Nxe5 12. dxe5 Nd5 13. Nxd5 exd5 14. Bxd5
Qc8 15. b3 cxb3 16. axb3 O-O 17. Bb2 {1/2-1/2 Ryskin,A-Panchenko,A/Katowice op
1992 (36)}) 11. a4 (11. e4 Nxc3 12. bxc3 $44) 11... O-O (11... b4 12. Nxd5 (12.
Ne4 Na5 13. Ne5 (13. Nfd2 f5 14. Nc5 Bxc5 15. dxc5 c3) 13... Nb3) 12... exd5
13. e4 (13. Ne5 Nxe5 14. dxe5 c6 15. e4 Be6 16. f4) 13... dxe4 14. Ne5 $44) 12.
axb5 {Beliavsky ist konsequent, er möchte nicht e3-e4 ziehen. Ribli.} (12. e4
Nxc3 13. bxc3 $44 {Weiß hat ein starkes Zentrum und Kompensation. Die Frage
ist, ob das genügt oder nicht. Ribli.}) 12... Nxc3 13. bxc3 axb5 14. Rxa8 Qxa8
{Schwarz hat seine Enwicklung beendet, und er hat seinen Mehrbauer behalten.
Wenn Weiß nichts zeigt, steht er ohne Kompensation schlechter. Ribli.} 15. d5 (
15. Ne5 Qe8 (15... Be8 $5 16. Qf3 {[%cal Rf3c6]} Qa4 $1 17. Nxc6 Bxc6 18. Qxc6
Qxd1+ $19) (15... Rd8 16. Nxd7 Rxd7 17. Qf3 Qa4 $1) 16. Nxd7 Qxd7 $15) 15...
exd5 16. Rxd5 {Es scheint, als ob Weiß seinen Bauern zurückgewinnt, aber
Akopian findet eine gute Verteidigung. Ribli.} Qe8 $1 (16... Qc8 $6 17. Rxb5
$16 {[%csl Rc4]} Nd4 18. Nxd4 $16) 17. Qd1 (17. Rxb5 Nd4 18. Nxd4 Bxb5 19. Nxb5
Qxb5 $17) 17... Nb8 $1 $15 {Der junge Armenier spielt sehr gut! Er verteidigt
zuerst seine Schwäche, und ergreift dann Schrit für Schritt die Initiative.
Ribli.} 18. Nd4 c6 19. Re5 {[%cal Rc1a3,Ra3e7]} Qd8 (19... f6 20. Rh5 (20. Re4)
) 20. Qh5 {Das ist ein schöner aktiver Zug, aber in Wirklichkeit ist die weiße
Initiative nicht sehr gefährlich.} g6 21. Qh6 Re8 22. h4 Bf8 23. Rxe8 Bxe8 {
Jeder Tausch begünstigt Schwarz. Ribli.} 24. Qf4 c5 25. Nf3 Qd6 $1 (25... Qd1+
26. Kh2 Qxc1 27. Qxb8 Bc6 28. Ne5 Bxg2 29. Kxg2 Qxc3 30. Qe8 {[%csl Rf7]}) 26.
Qxd6 Bxd6 {Ohne Damen, das ist klar, hat Weiß nichts für den Bauern, aber
technisch ist es nicht so leicht, die Bauernmehrheit zu verwerten. Ribli.} 27.
Nd2 Bc6 28. f4 (28. e4) 28... Bxg2 29. Kxg2 Nd7 30. e4 {Ein logischer Zug.
Weiß hat eine Bauernmehrheit am Königsflügel, also muß er dort aktiv spielen.
Ribli.} f6 31. Kf3 Nb6 32. Nb1 b4 {[%csl Gb4]} 33. Be3 Na4 {Schwarz fixiert
die weiß Schwäche c3 am Damenflügel. Später kann er wählen: nehmen auf c3 oder
mit dem b-Bauern vorgehen. Ribli.} (33... bxc3 34. Nxc3 {[%csl Rc4,Rc5]}) 34.
Nd2 $8 Nb2 $1 (34... Nxc3 35. Nxc4 {[%csl Gc4]}) (34... bxc3 35. Nxc4 Be7 36.
Ke2 {[%csl Rc3,Rc5]}) (34... b3 35. Nb1 (35. Nxc4 $2 b2 36. Nd2 Nxc3 $19)) 35.
Nb1 Kf7 36. g4 Ke6 37. f5+ $6 {Nach meiner Meinung ist die Idee gut, aber zu
früh ausgeführt. Es wäre besser, diesen Zug erst dann zu spielen, wenn sich z.
B. der schwarze König weit vom Königsflügel entfernt hat. Ribli.} gxf5 38.
exf5+ Kd5 {[%csl Gd5]} 39. g5 fxg5 40. hxg5 Nd3 {[%csl Gd3] Schwarz muß seinen
Springer zentralisieren, sonst wird die weiße Bauernmasse gefährlich. Ribli.}
41. Ke2 (41. g6 hxg6 42. fxg6 Ne5+ $17) 41... Be5 42. g6 hxg6 43. fxg6 Bg7 {
Weiß verliert seine letzte Hoffnung - den scheinbar gefählichen g-Bauer. Ribli.
} 44. Bg5 Ne5 45. Bd2 b3 {Schwarz kann diesen Zug nicht vermeiden.Er hat -
nach meiner Meinung ein und halb Bauern mehr,wegen c5-c4 Doppelbauern.Ribli.}
46. Be3 Nxg6 $17 47. Kf3 Ne5+ 48. Ke2 Nf7 49. Bd2 Nd6 50. Be1 (50. Na3 Ne4)
50... Bh6 51. Bd2 (51. Na3 Bc1 52. Nb1 Ke4 53. Bf2) 51... Bxd2 52. Kxd2 {
Das Springerendspiel ist klar besser für Schwarz - er muß nur noch einen
zwingenden Plan finden. Ribli.} Ne4+ 53. Ke2 Ke6 54. Kf3 Kf5 55. Ke3 Ke5 56.
Na3 (56. Kf3 Nxc3 57. Nxc3 Kd4 $19) 56... Nd6 57. Kf3 Kd5 58. Ke3 (58. Nb1 Nb5
{Der weiße Springer ist "Patt", und wir haben eigentlich ein Bauernendspiel.
Ribli.}) 58... Nf5+ 59. Kf4 Nd4 $18 60. Nb1 (60. cxd4 cxd4 $19 (60... Kxd4 $19
{Und Schwarz gewinnt, weil der weiße König ausgeschlossen ist. Ribli.})) 60...
Nb5 61. Ke3 Ke5 62. Ke2 (62. Kf3 Nxc3 63. Nxc3 Kd4 $19) 62... Kf4 (62... Ke4
63. Nd2+) 63. Kf2 Nd6 64. Ke2 Ne4 $22 {Wegen des Zugzwangs gewinnt Schwarz
leicht. Ribli.} 65. Kd1 Ke3 66. Kc1 Ke2 {Und Weiß gab auf. Nach 67.Kb2 kommt
67...Kd3, und wegen des Zugzwangs er verliert den letzten Bauern und die
Partie.Ribli.} (66... Ke2 67. Kb2 Kd3) 0-1

[Event "RUS-Cup4"]
[Site "Perm"]
[Date "1997.02.09"]
[Round "2"]
[White "Filippov, Valerij"]
[Black "Bashkov, Viacheslav"]
[Result "1-0"]
[WhiteElo "2510"]
[BlackElo "2435"]
[Annotator "Ribli,Z"]
[PlyCount "65"]
[EventDate "1997.02.02"]
[EventType "swiss"]
[EventRounds "9"]
[EventCountry "RUS"]
[SourceTitle "CBM 058"]
[Source "ChessBase"]
[SourceDate "1997.06.01"]
[SourceVersion "1"]
[SourceVersionDate "1997.06.01"]
[SourceQuality "1"]

1. Nf3 Nf6 2. c4 e6 3. g3 d5 4. d4 (4. Bg2 dxc4 5. Qa4+ Nbd7 6. Qxc4 c5 {
A13 Und wir haben - wie in unserer Partie -eine typische " katalanische"
Stellung mit dem Unterschied, daß Weiß nicht d2-d4 gespielt hat.Ribli.}) 4...
dxc4 5. Bg2 a6 6. O-O Nc6 7. Nc3 (7. e3) 7... Rb8 {[%cal Yb7b5] Schwarz hat
einen klaren Plan: Mit folgendem b7-b5 kann er seinen Mehrbauern halten und
auf der katalanischen Diagonale gibt es keine Sorgen, da er schon Rb8 gespielt
hat. Weiß hingegen hat Übergewicht im Zentrum, und mit eventuellem d4-d5 oder
e4-e5 kann er die Initiative erlangen.Ribli.} 8. e4 Be7 {Dieser Zug gefallt
mir nicht. Wenn Schwarz schon Rb8 und a6 gespielt hat, ist 8...b5 die logische
Folge.Ribli.} (8... b5) 9. d5 Nb4 10. Ne5 exd5 (10... Nd3 11. Nxd3 (11. Nxc4 $5
) 11... cxd3 12. Qxd3 e5 13. Qc2 $14 {Lautier,Jo-Karpov,An/Ubeda m/1994/}) 11.
exd5 Bf5 (11... b5 $2 12. a3 Nd3 13. Nc6 $18) (11... O-O 12. Nxc4 {Und Schwarz
hat Probleme mit seinem Springer auf b4.Ribli.}) 12. a3 (12. Nxc4 $2 Bd3 $17 {
[%cal Rd3f1,Rd3c4]}) 12... Nd3 13. Nxc4 Nxc1 14. Rxc1 $14 O-O {[%cal Gc4a5,
Gc4e5,Gc3e4,Gd5c6,Gd5e6] Schwarz hat zwar das Läuferpaar, aber Weiss hat gutes
Figurenspiel und Raumvorteil; sein positioneller Druck am Damenfluegel und im
Zentrum ist gefährlich.Ribli.} 15. b4 $1 {[%cal Gb4c5] Nach diesem Zug kann
Schwarz nicht Bc5 spielen.Ribli.} Re8 $6 (15... Ne8 $5 {Und Schwarz kann Nd6,
und Bf6 spielen, mit etwas schlechterer, aber haltbaren Stellung.Ribli.} 16. h4
Nd6 17. Ne3 Bd7 18. Ne4 Nxe4 19. Bxe4 f5 20. Bd3 f4 21. Qh5 g6 {Remis in
Kachiani Gersinska,K-Basagic,V/Cetinje/1991/}) 16. Qd4 {[%csl Gd4] Weiss
dominiert am ganzen Brett und mit folgendem Rfd1 hat er ein Maximum an
Aktivität.Ribli.} Bf8 (16... Nd7 17. Rfd1 Bf6 18. Qf4 Ne5 19. d6 $5 $36) 17.
Rfd1 Qd7 18. Qf4 Bh3 (18... Rbd8 $5) 19. d6 $1 c6 (19... Bxg2 20. dxc7 Qh3 21.
cxb8=Q Rxb8 22. Ne3 $18 (22. Qxb8 $4 Ng4 $19)) 20. Ne5 $16 Qf5 21. d7 Red8 22.
Bxh3 Qxh3 23. g4 {[%csl Rf7][%cal Rg4g5,Rf4f7] [#] Schwarz ist praktisch im
Zugzwang, es ist schwer einen vernünftigen Zug zu machen.Ribli.} Qh4 {Gegen
die Drohung 24.g5 und 25.Qxf7 gerichtet ,aber Schwarz kann das Feld f7 nicht
halten.Ribli.} (23... h5 24. g5 $18) 24. Qc4 $1 {[%csl Rf7][%cal Rc4f7]} h5 25.
Qxf7+ Kh7 26. Qg6+ Kg8 27. g5 Qf4 (27... Ng4 28. Qe6+ Kh8 (28... Kh7 29. g6+
Kh6 (29... Kh8 30. Nf7+ Kg8 31. Nh6+ Kh8 32. Qg8#) 30. Nf7#) 29. Ng6+ $18) 28.
Re1 a5 (28... Ng4 29. Qe6+ Kh7 30. g6+ $18) 29. gxf6 $18 Qxf6 30. Qxh5 {
Schwarz hat eine verlorene Stellung. Er hat nicht nur eine Figur weniger,
sondern auch eine verteidigungslose Königsstellung.Ribli.} axb4 31. Ng6 Bc5 (
31... bxc3 32. Qh8+ Kf7 33. Ne5+ Ke7 34. Ng4+ $18) 32. Ne4 Bxf2+ 33. Nxf2 {
Ribli} 1-0

[Event "Dresden zt 1.2"]
[Site "Dresden"]
[Date "1998.05.01"]
[Round "4"]
[White "Cvitan, Ognjen"]
[Black "Ekstroem, Roland"]
[Result "1/2-1/2"]
[WhiteElo "2560"]
[BlackElo "2490"]
[Annotator "Ribli,Z"]
[PlyCount "55"]
[EventDate "1998.04.28"]
[EventType "swiss"]
[EventRounds "11"]
[EventCountry "GER"]
[SourceTitle "CBM 065"]
[Source "ChessBase"]
[SourceDate "1998.08.06"]
[SourceVersion "1"]
[SourceVersionDate "1998.08.06"]
[SourceQuality "1"]

1. d4 Nf6 2. Nf3 d5 3. c4 e6 4. g3 dxc4 {Das ist die offene Katalanische
Eröffnung.} ({Meines Erachtens ist es für Schwarz sicherer,} 4... Be7 5. Bg2
O-O 6. O-O {und erst jetzt} dxc4 {zu spielen.} ({Oder} 6... c6 {mit
geschlossener Stellung.})) 5. Bg2 a6 6. O-O b5 {Schwarz möchte seinen
Mehrbauern halten, aber der weiße Entwicklungsvorsprung und die Schwäche der
Diagonalen h1-a8 bietet dem Anziehenden aktives Spiel.} (6... Nc6 {ist die
aktuelle Hauptalternative.}) 7. Ne5 Nd5 8. a4 Bb7 9. axb5 (9. b3 $5 c3 10. e4
b4 11. exd5 Bxd5 12. Qh5 g6 13. Qh3 Bg7 14. Nxc3 bxc3 15. Ba3 Ra7 16. Rfe1 Rb7
17. Bxd5 Qxd5 18. Qh4 c6 19. Qf4 Bxe5 20. dxe5 c2 21. Bd6 $16 {Oll,L-Hoelzl,F/
EU-chT Men 1997/ 1-0 (32)}) ({Die Zugfolge} 9. e4 Nf6 10. axb5 axb5 11. Rxa8
Bxa8 12. Nc3 c6 13. d5 {führt zur Partiefortsetzung.}) 9... axb5 10. Rxa8 Bxa8
11. e4 Nf6 12. Nc3 c6 13. d5 $5 {Dieser Zentrumsdurchbruch führt zu
interessantem taktischen Spiel. Weiß opfert zeitweilig einen zweiten Bauern.} (
13. Bg5) 13... cxd5 (13... Be7 14. dxe6 fxe6 15. Qe2 Na6 {Das ist eine
interessante Idee des österreichischen IM! Schwarz rochiert (noch) nicht,
sondern verteidigt zuerst die Schwäche e6.} (15... O-O 16. Bh3 {[%csl Re6,Rg8]}
Qc8 17. Nf3 {[%csl Rc8,Re6,Rg8][%cal Rf3g5,Rg5e6]} Na6 18. Ng5 Nc7 19. Bf4 {
[%csl Rc7,Re6]} h6 20. Bxc7 hxg5 21. Be5 $13) 16. Be3 Nc5 17. Rd1 Qc7 18. Nxc4
e5 $2 (18... bxc4 $142 {Comp Fritz8} 19. Qxc4 Ncd7 20. Qxe6 Qe5 $11) 19. b4
Ncd7 20. Qa2 Bb7 21. Na5 Bxb4 22. Qe6+ Kf8 $2 (22... Be7 $142 {Comp Fritz8})
23. Nxb7 Qxb7 24. Ra1 $1 Be7 25. Ra7 Qc8 26. Bh3 $18 {Horvath,J-Hoelzl,F/
Elekes mem 1994/ 1-0 (38)}) 14. exd5 $6 {Dieser Zug bietet Weiß genügend
Kompensation, aber nicht mehr.} ({Meines Erachtens kann Weiß nur mit} 14. Nxb5
$5 {auf Vorteil spielen.} Qa5 15. Nc3 Bb4 16. exd5 Bxc3 17. bxc3 Bxd5 18. Bxd5
exd5 {[#]} 19. Nxc4 $1 Qxc3 (19... dxc4 $2 20. Re1+ Kf8 21. Qd6+ $18) 20. Qa4+
Ke7 21. Ba3+ Ke6 22. Rc1 Qd4 23. Bb2 Qe4 24. Qb4 dxc4 25. Re1 $16 {Horvath,
J-Varga,Z/ HUN-ch Super 1995/ 1-0 (75)}) 14... Bxd5 $5 $146 {Eine Neuerung. Es
ist logisch, daß Schwarz diesen Läufer tauschen möchte.} (14... Nxd5 15. Qh5
Qf6 16. Bxd5 Bxd5 17. Nxd5 exd5 18. Re1 Be7 19. Nxc4 O-O 20. Ne3 Bc5 21. Qxd5
Na6 22. Ng4 Qd4 23. Qxd4 Bxd4 24. Rd1 Rc8 {1/2-1/2 Kohlweyer,B-Nisipeanu,L/
BL9697 GER-chT 1997 (24)}) 15. Nxd5 (15. Nxb5 Bxg2 16. Qxd8+ Kxd8 17. Kxg2 (17.
Rd1+ Bd5 18. Nxf7+ Ke7 19. Nxh8 g6 $13) (17. Nxf7+ Ke8 18. Nxh8 Bxf1 19. Kxf1
Na6 $17 {[%csl Rh8]}) 17... Ke8 18. Nxc4 $14 {[%csl Gb2] Der Freibauer bietet
Weiß einen kleinen Positionsvorteil, aber wegen des reduzierten Materials ist
die Verwertung schwierig.}) 15... exd5 (15... Nxd5 16. Qh5 g6 17. Nxg6 fxg6 18.
Qe5 {[%csl Ge5,Re6,Re8,Gg2]} Nf6 (18... Rg8 19. Rd1 $16 {[%csl Gd1,Rd5,Rd8,Ge5,
Re6,Re8,Gg2,Rg8]}) (18... Qf6 $2 19. Qxb8+ $16) 19. Qxb5+ (19. Qxe6+) 19...
Nbd7 20. Rd1 $44 {[%csl Rd8,Re8] Weiß hat eine Figur weniger, aber die
schwarze Figuren sind gefesselt und der König bleibt in der Mitte.}) 16. Ng4
$44 Be7 {Schwarz möchte die Entwicklung beenden.} (16... Nbd7 17. Bxd5 $44 Nxd5
(17... Be7 18. Nxf6+ Nxf6 (18... Bxf6 19. Re1+ Kf8 20. Bc6 $18 {[%csl Gc6,Gd1,
Rd7,Rd8,Ge1,Rf8][%cal Ge1e8]}) 19. Bc6+ Kf8 20. Qxd8+ Bxd8 21. Bxb5 $16 {
[%csl Rc4]}) 18. Qxd5 Be7 19. Qxb5 $14 {[%csl Rc4]}) 17. Nxf6+ Bxf6 18. Re1+ (
18. Bxd5 O-O $15) 18... Kf8 19. Bxd5 {[%csl Gd5]} (19. Qxd5 Qxd5 20. Bxd5 g5 {
[%csl Rb2,Rc1,Gf6][%cal Gf8g7] Schwarz verhindert 21.Bf4.} (20... h5 21. Bf4
$36 {[%csl Gd5,Ge1,Gf4]})) 19... h5 $1 {[%cal Gg7g6,Yf8g7] Der schwarze Plan
ist klar: 20...g6 nebst 21...Kg7.} (19... g6 $2 20. Bh6+ Bg7 (20... Kg8 21. Qe2
$18 {[%csl Rg8][%cal Re1e8]}) 21. Qd4 $1 {[%csl Gd4,Rf8,Rg7,Gh6,Rh8]} f6 22.
Qc5+ $18) 20. Qf3 {[%cal Gf3f7,Gd5f7]} g6 21. b3 {[%cal Rc1a3,Ra3f8]} Kg7 $5 (
21... c3 22. Ba3+ Kg7 23. Be7 Qb6 (23... Bxe7 24. Qxf7+ $16 {[%csl Rg7]}) 24.
Re6 $40 {[%csl Rg7]}) (21... cxb3 22. Ba3+ (22. Qxb3 {[%csl Rb5,Rf7]} Qd7 $11)
22... Kg7 23. Be7 Qb6 24. Re6) 22. bxc4 bxc4 23. Bxc4 $11 {Das weiße
Läuferpaar ist theoretisch stärker, aber das reduzierte Material macht das
Remisergebnis wahrscheinlich.} Qc7 24. Bd5 Nd7 $11 {[%cal Gd7e5]} 25. Bf4 Be5
26. Bg5 (26. Bxe5+ Nxe5 27. Qf4 Re8 $11 28. Kg2 $11 (28. Bxf7 $2 Nf3+ (28...
Qxf7 29. Rxe5 $14) 29. Qxf3 Rxe1+ 30. Kg2 Qc1 (30... Qxf7 $2 31. Qc3+ $11 {
[%cal Rc3g7,Rc3e1]}) (30... h4 $5 {Comp Fritz8}) 31. h4 Rh1 {[%cal Rc1f1]} 32.
Qd3 Qg1+ 33. Kf3 Qd1+ 34. Qxd1 (34. Ke4 $4 Qg4+ 35. f4 Qf5+ $19 {[%csl Rd3,Rf7,
Gh1]}) 34... Rxd1 $17)) 26... Nf6 27. Bxf6+ Bxf6 28. Rb1 {[%cal Rb1b7,Rb7f7]
und in dieser ausgeglichenen Stellung wurde Remis vereinbart.} (28. Rb1 Rb8 $11
) 1/2-1/2